000 00405nam a22001697a 4500
003 macl
005 20160203124702.0
008 160203b xxu||||| |||| 00| 0 eng d
040 _cmacl
041 _aEnglish
082 _a700/SIN
100 _aSingh Dinesh
_936534
245 _aMedieval Art And Culture
260 _aAllahabad
_bChandra Publications
_c2011
650 _aART
_936535
942 _2ddc
_cBK
999 _c53015
_d53015